| 000 | 00922nam a2200289 a 4500 | ||
|---|---|---|---|
| 001 | 21930 | ||
| 003 | BD-RjUL | ||
| 005 | 20211209000739.0 | ||
| 008 | 140306s1982 njua b 001 0 eng d | ||
| 020 | _a0691053634 : | ||
| 035 | _a(BD-RjUL)21995 | ||
| 040 |
_aLC _beng _cLC _dBD-RjUL |
||
| 041 | _aeng | ||
| 082 | 1 | 4 |
_a700.7952 _219 _bHAA 1982 |
| 100 | 1 |
_aHavens, Thomas R. H. _967704 |
|
| 245 | 1 | 0 |
_aArtist and patron in postwar Japan : _bdance, music, theater, and the visual arts, 1955-1980 / _cThomas R.H. Havens. |
| 260 |
_aPrinceton, N.J. : _bPrinceton University Press, _cc1982. |
||
| 300 |
_aix, 324 p. : _bill. ; _c22 cm. |
||
| 504 | _aBibliography: p. 293-310. | ||
| 504 | _aIncludes index. | ||
| 650 | 0 |
_aArt patronage _zJapan. _967705 |
|
| 650 | 0 |
_aArt and state _zJapan. _967706 |
|
| 650 | 0 |
_aArts, Japanese. _967707 |
|
| 650 | 0 |
_aArts _zJapan. _950666 |
|
| 942 |
_2ddc _cBK |
||
| 999 |
_c21930 _d21930 |
||